<?xml version="1.0" encoding="UTF-8"?>
<record
    xmlns:xsi="http://www.w3.org/2001/XMLSchema-instance"
    xsi:schemaLocation="http://www.loc.gov/MARC21/slim http://www.loc.gov/standards/marcxml/schema/MARC21slim.xsd"
    xmlns="http://www.loc.gov/MARC21/slim">

  <leader>01451nam a22001577a 4500</leader>
  <controlfield tag="008">120611t        xxu||||| |||| 00| 0 eng d</controlfield>
  <datafield tag="020" ind1=" " ind2=" ">
    <subfield code="a">0891583750</subfield>
  </datafield>
  <datafield tag="050" ind1=" " ind2=" ">
    <subfield code="a">HG3769.K94 E45</subfield>
  </datafield>
  <datafield tag="100" ind1=" " ind2=" ">
    <subfield code="a">Mallakh, Ragaei El</subfield>
  </datafield>
  <datafield tag="245" ind1=" " ind2=" ">
    <subfield code="a">Kuwait: trade and investment. /</subfield>
    <subfield code="c">Ragaei El Mallakh</subfield>
  </datafield>
  <datafield tag="260" ind1=" " ind2=" ">
    <subfield code="a">Boulder:</subfield>
    <subfield code="b">Westview Press,</subfield>
    <subfield code="c">1979.</subfield>
  </datafield>
  <datafield tag="300" ind1=" " ind2=" ">
    <subfield code="a">xxii, 262 p.:</subfield>
    <subfield code="b">ill.;</subfield>
    <subfield code="c">24cm.</subfield>
  </datafield>
  <datafield tag="500" ind1=" " ind2=" ">
    <subfield code="a">Includes index.</subfield>
  </datafield>
  <datafield tag="505" ind1=" " ind2=" ">
    <subfield code="a">Contents: The Kuwaiti perspective : an introduction -- Infrastructure : social and economic -- Characteristics of a capital-surplus economy --  Economic growth and business potential -- Trade prospects -- Establishing and upgrading marketing operations in Kuwait -- Creating and expanding demand -- Banking and monetary system -- Bilaterial and multilateral arrangements -- Investment trends and opportunities -- Appendix A: Tables on Kuwaiti population, education and economy -- Appendix B: Ministries and other key agencies -- Appendix C: Types of commercial bodies and regulations: Appendix D: Licensing procedures -- Investment laws and other regulations -- Appendix F: Trade regulations -- Appendix G: Export checklist for goods shipped to Kuwait -- Appendix H: Regulation of importation : Appendix I: Aid agencies (Funds) and investment companies, operations, capitalization, and other information -- Appendix K: Summary of direct placements and financial activities -- Appendix L: Summary of the Kuwaiti economy.</subfield>
  </datafield>
  <datafield tag="942" ind1=" " ind2=" ">
    <subfield code="2">lcc</subfield>
    <subfield code="c">BK</subfield>
  </datafield>
  <datafield tag="999" ind1=" " ind2=" ">
    <subfield code="c">1213</subfield>
    <subfield code="d">8713</subfield>
  </datafield>
  <datafield tag="952" ind1=" " ind2=" ">
    <subfield code="0">0</subfield>
    <subfield code="1">0</subfield>
    <subfield code="2">lcc</subfield>
    <subfield code="4">0</subfield>
    <subfield code="7">0</subfield>
    <subfield code="a">WIUC-1</subfield>
    <subfield code="b">WIUC-1</subfield>
    <subfield code="c">GEN</subfield>
    <subfield code="d">2012-06-11</subfield>
    <subfield code="l">0</subfield>
    <subfield code="o">HG3769.K94 E45</subfield>
    <subfield code="p">3403/12</subfield>
    <subfield code="r">2012-06-11 00:00:00</subfield>
    <subfield code="t">1</subfield>
    <subfield code="w">2012-06-11</subfield>
    <subfield code="y">BK</subfield>
  </datafield>
</record>
